Asian countries sprint - Statistics

General Stats
  • This quiz has been taken 11 times
  • The average score is 41 of 48
Answer Stats
Answer % Correct
Brunei
100%
India
100%
Pakistan
100%
Philippines
100%
Singapore
100%
Bahrain
89%
Bangladesh
89%
Bhutan
89%
China
89%
East Timor
89%
Indonesia
89%
Iran
89%
Iraq
89%
Israel
89%
Japan
89%
Kazakhstan
89%
Kuwait
89%
Mongolia
89%
Nepal
89%
North Korea
89%
Oman
89%
Qatar
89%
South Korea
89%
Sri Lanka
89%
Syria
89%
Tajikistan
89%
Thailand
89%
Turkey
89%
Turkmenistan
89%
United Arab Emirates
89%
Vietnam
89%
Yemen
89%
Afghanistan
78%
Armenia
78%
Azerbaijan
78%
Cambodia
78%
Georgia
78%
Jordan
78%
Laos
78%
Lebanon
78%
Myanmar
78%
Saudi Arabia
78%
Uzbekistan
78%
Cyprus
67%
Kyrgyzstan
67%
Malaysia
67%
Maldives
67%
Taiwan
67%
No matching quizzes found
Score Distribution
Percent of People with Each Score
Percentile by Number Answered
Your Score History
You have not taken this quiz